Groupes de choses - Spécial "Sciences" - Statistiques

Statistiques générales
  • Ce quiz a été pris 276 fois
  • Le résultat moyen est 41 sur 70
Statistiques - réponses
Groupes Réponses % Correct
Sens chez l'être humain Ouïe
100%
Planètes du Système Solaire Terre
99%
Couleurs de l'arc-en-ciel Bleu
98%
Planètes du Système Solaire Mars
98%
Couleurs de l'arc-en-ciel Rouge
98%
Sens chez l'être humain Toucher
98%
Sens chez l'être humain Vue
98%
Sens chez l'être humain Goût
97%
Couleurs de l'arc-en-ciel Jaune
97%
Sens chez l'être humain Odorat
97%
Planètes du Système Solaire Saturne
97%
Planètes du Système Solaire Vénus
97%
Couleurs de l'arc-en-ciel Vert
97%
Couleurs de l'arc-en-ciel Violet
97%
Nombres premiers compris entre 1 et 30 11
96%
Nombres premiers compris entre 1 et 30 13
96%
Nombres premiers compris entre 1 et 30 17
96%
Nombres premiers compris entre 1 et 30 19
96%
Nombres premiers compris entre 1 et 30 2
96%
Nombres premiers compris entre 1 et 30 3
96%
Nombres premiers compris entre 1 et 30 5
96%
Nombres premiers compris entre 1 et 30 7
96%
Nombres premiers compris entre 1 et 30 23
95%
Planètes du Système Solaire Jupiter
95%
Couleurs de l'arc-en-ciel Orange
95%
Nombres premiers compris entre 1 et 30 29
94%
États de la matière Liquide
94%
Planètes du Système Solaire Mercure
94%
États de la matière Solide
94%
Planètes du Système Solaire Uranus
94%
États de la matière Gazeux
93%
Planètes du Système Solaire Neptune
90%
Scientifiques doublement récompensés par le Prix Nobel Marie Curie
84%
Fonctions trigonométriques de base Cosinus
68%
Fonctions trigonométriques de base Sinus
68%
Fonctions trigonométriques de base Tangente
68%
Éléments chimiques commençant par la lettre Z Zinc
66%
Couleurs de l'arc-en-ciel Indigo
45%
Bases azotées (A, T, C, G) constitutives de l'ADN Adénine
44%
Bases azotées (A, T, C, G) constitutives de l'ADN Guanine
44%
Bases azotées (A, T, C, G) constitutives de l'ADN Cytosine
41%
Bases azotées (A, T, C, G) constitutives de l'ADN Thymine
41%
Éléments chimiques commençant par la lettre Z Zirconium
35%
États de la matière Plasma
33%
Étapes de la mitose Anaphase
32%
Minéraux de l’échelle de Mohs Diamant
32%
Étapes de la mitose Métaphase
30%
Étapes de la mitose Prophase
30%
Étapes de la mitose Télophase
30%
Structure interne de la Terre Croûte terrestre
25%
Mutations (ponctuelles) de l'ADN Délétion
18%
Mutations (ponctuelles) de l'ADN Insertion
18%
Minéraux de l’échelle de Mohs Quartz
18%
Structure interne de la Terre Noyau interne
16%
Structure interne de la Terre Noyau externe
15%
Mutations (ponctuelles) de l'ADN Substitution
15%
Minéraux de l’échelle de Mohs Talc
10%
Minéraux de l’échelle de Mohs Topaze
10%
Structure interne de la Terre Manteau inférieur
9%
Structure interne de la Terre Manteau supérieur
9%
Minéraux de l’échelle de Mohs Calcite
7%
Minéraux de l’échelle de Mohs Apatite
6%
Minéraux de l’échelle de Mohs Gypse
6%
Minéraux de l’échelle de Mohs Orthose
6%
Minéraux de l’échelle de Mohs Corindon
5%
Scientifiques doublement récompensés par le Prix Nobel K. Barry Sharpless
5%
Scientifiques doublement récompensés par le Prix Nobel Linus Pauling
5%
Minéraux de l’échelle de Mohs Fluorine
4%
Scientifiques doublement récompensés par le Prix Nobel Frederick Sanger
4%
Scientifiques doublement récompensés par le Prix Nobel John Bardeen
4%
Aucun quiz correspondant
Distribution des résultats
% des personnes avec chaque résultat
Percentile par nombre de réponses
Votre historique - résultats
Vous n’avez pas pris ce quiz